دارا لمصنفین کی ادبی خدمات کا تعارف / (Record no. 41302)

MARC details
000 -LEADER
fixed length control field 00919nam a22002537a 4500
005 - DATE AND TIME OF LATEST TRANSACTION
control field 20100812123325.0
008 - FIXED-LENGTH DATA ELEMENTS--GENERAL INFORMATION
fixed length control field 081119t xxu||||| |||| 00| 0 ur d
010 ## - LCCN (DPL NO)
LC control number UR-7687
020 ## - INTERNATIONAL STANDARD BOOK NUMBER
Terms of availability 200.00
035 ## - SYSTEM CONTROL NUMBER
System control number U-6242
040 ## - CATALOGING SOURCE
Original cataloging agency DPL
Language of cataloging UR
082 ## - DEWEY DECIMAL CLASSIFICATION NUMBER
Classification number 840.8
100 ## - MAIN ENTRY--PERSONAL NAME
9 (RLIN) 11327
245 ## - TITLE STATEMENT
Title دارا لمصنفین کی ادبی خدمات کا تعارف /
Statement of responsibility, etc شباب الدین
246 ## - VARYING FORM OF TITLE
Title proper/short title Darul Mussanafen ki Adabi Khidmat /
Remainder of title by Shababuddin
260 ## - PUBLICATION, DISTRIBUTION, ETC. (IMPRINT)
Place of publication, distribution, etc شباب الدین
Date of publication, distribution, etc 2008
270 ## - ADDRESS
Address 180, Barah Dari, Raja Ka Quila
City Azamgarh
Postal code 276001
300 ## - PHYSICAL DESCRIPTION
Extent 208 ص
Dimensions 22 س م (Hb)
650 ## - SUBJECT ADDED ENTRY--TOPICAL TERM
Topical term or geographic name as entry element تاریخ
9 (RLIN) 11328
650 ## - SUBJECT ADDED ENTRY--TOPICAL TERM
Topical term or geographic name as entry element Indian history
9 (RLIN) 11329
700 ## - ADDED ENTRY--PERSONAL NAME
9 (RLIN) 11462
942 ## - ADDED ENTRY ELEMENTS (KOHA)
Source of classification or shelving scheme Dewey Decimal Classification
Item type Urdu Bks
Classification part 840.8
Call number suffix ش ب ل
Holdings
Withdrawn status Lost status Source of classification or shelving scheme Damaged status Not for loan Collection code Home library Current library Date acquired Source of acquisition Cost, normal purchase price Total Checkouts Full call number Barcode Date last seen Copy number Cost, replacement price Koha item type
    Dewey Decimal Classification   Not For Loan Non-fiction D.B.Act.Division D.B.Act.Division 12/08/2010 DBAD/PUB 200.00   840.8 ش ب ل U-6242 12/08/2010 1 200.00 Urdu Bks

© Delhi Public Library
Hit Counter
free hit counter